| 000 | 00613nam a2200205Ia 4500 | ||
|---|---|---|---|
| 003 | GCL | ||
| 008 | 140319s9999 xx 000 0 ara d | ||
| 040 |
_aGCL / _cGCL |
||
| 082 | 0 | 4 |
_a320.101 _bم ا |
| 100 | 1 | _aمحمود قاسم | |
| 245 | 1 | 0 |
_aافكار سياسية / _cمحمود قاسم |
| 260 |
_a[S.N] : _bلجنة الاعلام والدراسات المستقبلية |
||
| 490 | _a | ||
| 650 | 0 | 4 | _aالعالم العربى |
| 650 | 0 | 4 | _aالاحوال السياسية |
| 650 | 0 | 4 | _aاسرائيل |
| 650 | 0 | 4 | _aالديمقراطية |
| 650 | 0 | 4 | _aالدبلوماسية |
| 942 |
_2ddc _cBK |
||
| 999 |
_c31119 _d31119 |
||